|
|
|
|
| LEADER |
01217nam a2200313 a 4500 |
| 001 |
35592 |
| 003 |
BD-DhAAL |
| 005 |
20211205124604.0 |
| 008 |
191113t2002 deua b 001 0 eng |
| 999 |
|
|
|c 41802
|d 41802
|
| 010 |
|
|
|a 2002001758
|
| 020 |
|
|
|a 0872074994
|
| 040 |
|
|
|a DLC
|c DLC
|d DLC
|d BD-DhAAL
|
| 050 |
0 |
0 |
|a PN147
|b .W49 2002
|
| 082 |
0 |
0 |
|a 808.02
|2 21
|
| 100 |
1 |
|
|a Wilcox, Bonita L.
|9 37055
|
| 245 |
1 |
0 |
|a Thinking and writing for publication :
|b a guide for teachers /
|c Bonita L. Wilcox.
|
| 260 |
|
|
|a Newark, Del. :
|b International Reading Association,
|c c2002.
|
| 300 |
|
|
|a xi, 100 pages :
|b illustrations ;
|c 21 cm.
|
| 504 |
|
|
|a Includes bibliographical references (pages 87-91) and index.
|
| 526 |
|
|
|a BIED
|
| 541 |
|
|
|a Complimentary copy from BIED
|e 35592
|
| 650 |
|
0 |
|a Authorship.
|9 37056
|
| 650 |
|
0 |
|a Academic writing.
|9 37057
|
| 650 |
|
0 |
|a Educational publishing.
|9 37058
|
| 650 |
|
0 |
|a Social science
|9 37059
|
| 852 |
|
|
|a Ayesha Abed Library
|c BIED Collection
|
| 942 |
|
|
|2 ddc
|c BK
|
| 952 |
|
|
|0 0
|1 0
|2 ddc
|4 0
|6 808_020000000000000_WIL
|7 0
|9 67114
|a BRACUL
|b BRACUL
|c GEN
|d 2019-11-13
|e Complimentary copy from BIED
|l 0
|o 808.02 WIL
|p 3010035592
|r 2019-11-13
|t 1
|w 2019-11-13
|y BK
|x Transferred from BIED to General Stacks
|